000 00753nam a2200229 i 4500
001 C2-0181534
003 PPAK
005 20180728095337.0
008 981029s1994 my |||| ||||| | zxx d
040 _aPPAK
_beng
_cPPAK
_erda
082 0 4 _a928.9923
_2 23
090 0 0 _a928.9923
_bAWA
_dKIH
245 0 0 _aA. Wahab Ali, (Abdul Wahab Ali), 1941-
_bwinner of the S.E.A Write Award 1994
264 1 _aKuala Lumpur :
_bDewan Bahasa dan Pustaka ,
_c1994
300 _a46 pages ;
_c22 cm
336 _2rdacontent
_atext
337 _2rdamedia
_aunmediated
338 _2rdacarrier
_avolume
500 _aAt the head of title Malayasian Writer
650 1 0 _aAuthors, Malay - Authorship - Malaysia. ; Literary prizes - Asia, Southeast.
942 _ddc
_cB
999 _c155981
_d155981